ბათუმის შოთა რუსთაველის სახელმწიფო უნივერსიტეტის ბიბლიოთეკა

კაკლის აგრობიოლოგიური ნიშათვისებებისა და გამრავლების საკითხების შესწავლა აჭარის სუბტროპიკული ზონის პირობებში (ბიბ.ჩანაწერი № 35306)

000 -LEADER
fixed length control field 01195nam a2200241Ia 4500
001 - CONTROL NUMBER
control field 1157
003 - CONTROL NUMBER IDENTIFIER
control field GE_BSU
008 - FIXED-LENGTH DATA ELEMENTS--GENERAL INFORMATION
fixed length control field 181216s||||||||xx |||||||||||||| ||und||
020 ## - INTERNATIONAL STANDARD BOOK NUMBER
International Standard Book Number 99928445212
040 ## - CATALOGING SOURCE
Transcribing agency GE_BSU
080 ## - UNIVERSAL DECIMAL CLASSIFICATION NUMBER
Universal Decimal Classification number 634
100 ## - MAIN ENTRY--PERSONAL NAME
Personal name ნიჟარაძე, მანუჩარ:
245 ## - TITLE STATEMENT
Title კაკლის აგრობიოლოგიური ნიშათვისებებისა და გამრავლების საკითხების შესწავლა აჭარის სუბტროპიკული ზონის პირობებში
245 ## - TITLE STATEMENT
Statement of responsibility, etc. რედ.ჯაბნიძე რეზო, ბაკურიძე ზურაბ
260 ## - PUBLICATION, DISTRIBUTION, ETC.
Place of publication, distribution, etc. ბათუმი
260 ## - PUBLICATION, DISTRIBUTION, ETC.
Name of publisher, distributor, etc. ალიონი
260 ## - PUBLICATION, DISTRIBUTION, ETC.
Date of publication, distribution, etc. 2009
300 ## - PHYSICAL DESCRIPTION
Extent 95 გვ. 19სმ.
653 ## - INDEX TERM--UNCONTROLLED
Uncontrolled term აგრობიოლოგია
653 ## - INDEX TERM--UNCONTROLLED
Uncontrolled term კაკლის აგრობიოლოგიური გამრავლების საკითხების შესწავლა აჭარის სუბტროპიკული ზონის პირობებში
942 ## - ADDED ENTRY ELEMENTS (KOHA)
Koha item type წიგნი
ეგზემპლარები
Withdrawn status Lost status Damaged status Not for loan Date acquired Barcode Date last seen Price effective from Koha item type
        2018-12-17 2710 2018-12-17 2018-12-17 წიგნი